000 00593nam a2200193 a 4500
001 000022736
005 20200930021751.0
008 101117s1974 ag r 000 | spa d
040 _aDO-SdBNP
_bspa
_cBNPHU
082 _a220.07
_bE58G
100 1 _aEnlow, Jack
_946720
245 1 0 _aGlosario de nombres bĂ­blicos /
_cJack Enlow.
260 _aBuenos Aires, (Argentina) :
_bCasa Bautista de Publicaciones,
_c1974.
300 _a96 p. ;
_c18 cm.
650 4 _aBiblia
_xComentarios
_915357
650 4 _aBiblia
_xLenguaje y estilo
_946721
650 4 _aBiblia
_xParáfrasis
_946722
049 _aBNGR
999 _c22233
_d22233